000 00580nam a2200193Ia 4500
005 20250508161842.0
008 008 250505s9999 xx 000 0 eng d
037 _aDissertations
040 _aFEDL
_beng
_cFEDL
041 _aeng
_2eng
084 _a371.2, WAD/DI
_qFEDL
100 _aWadhera Ravinder Kumar
_9771684
245 0 _aComparative study of government, central and public schools in Delhi
260 _c1977
300 _avii,62p.
546 _aM. Ed. Dissertation (Delhi University)
942 _cDIS
_h371.2, WAD/DI
999 _c1372660
_d1372660